000 00926cam a2200181 i 4500
005 20251108173240.0
008 250721s2004 le 000 0 ara d
082 1 4 _a212
_bح س ن
100 1 _aالحسيني، أحمد بن محمد إبن عجيبة
_eمؤلف.
245 1 0 _aتفسير الفاتحة الكبير /
_cتأليف العارف بالله تعالى العلامة الشيخ أبي العباس أحمد بن محمد ابن عجيبة الحسيني ؛ صححه و ضبطه و علق عليه الشيخ الدكتور عاصم ابراهيم الكيالي الحسيني الشاذلي الدرقاوي.
250 _aالطبعة الاولى.
264 1 _aبيروت :
_bدار الكتب العلمية،
_c2004.
300 _a370 صفحة.
650 1 7 _aتفسير القرآن.
700 1 _aالكيالي، عاصم ابراهيم
_eمصحح.
942 _2ddc
_cREF
999 _c99522
_d99522